UBT Library

Systems engineering and analysis / (Record no. 38874)

000 -LEADER
fixed length control field 00679cam a2200229 a 4500
001 - CONTROL NUMBER
control field 4491535
005 - DATE AND TIME OF LATEST TRANSACTION
control field 20171212095709.0
008 - FIXED-LENGTH DATA ELEMENTS--GENERAL INFORMATION
fixed length control field 971016s1998 njua b 001 0 eng
010 ## - LIBRARY OF CONGRESS CONTROL NUMBER
LC control number 97044423
020 ## - INTERNATIONAL STANDARD BOOK NUMBER
International Standard Book Number 0131350471
040 ## - CATALOGING SOURCE
Original cataloging agency DLC
Transcribing agency DLC
Modifying agency DLC
041 ## - LANGUAGE CODE
Language code of text/sound track or separate title eng
080 ## - UNIVERSAL DECIMAL CLASSIFICATION NUMBER
Universal Decimal Classification number 33
082 00 - DEWEY DECIMAL CLASSIFICATION NUMBER
Edition number 21
100 1# - Rafti
Rafti 33
101 ## - Shkurtesa
Shkurtesa jkjkl
245 10 - TITLE STATEMENT
Title Systems engineering and analysis /
Statement of responsibility, etc Benjamin S. Blanchard, Wolter J. Fabrycky.
504 ## - BIBLIOGRAPHY, ETC. NOTE
Bibliography, etc Includes bibliographical references and index.
906 ## - LOCAL DATA ELEMENT F, LDF (RLIN)
a 7
b cbc
c orignew
d 1
e ocip
f 19
g y-gencatlg
942 ## - ADDED ENTRY ELEMENTS (KOHA)
Source of classification or shelving scheme
Item type Books
Holdings
Withdrawn status Lost status Source of classification or shelving scheme Damaged status Not for loan Permanent location Current location Date acquired Total Checkouts Barcode Date last seen Price effective from Koha item type
          UBT - Prishtine UBT - Prishtine 10/03/2022   002-287773 10/03/2022 10/03/2022 Books
UBT Library © 2015-2024. All rights reserved University Education for Business and Technology